书目信息 |
| 题名: |
新思路大学英语阅读教程
|
|
| 作者: | 林英玉 , 宋军 主编 | |
| 分册: | 第2册 | |
| 出版信息: | 大连 大连理工大学出版社 2006.09 |
|
| 页数: | 188页 | |
| 开本: | 26m | |
| 丛书名: | ||
| 单 册: | ||
| 中图分类: | H319.4 | |
| 科图分类: | ||
| 主题词: | 英语--ying yu--阅读教材--高等学校--教材 | |
| 电子资源: | ||
| ISBN: | 7-5611-3322-7 | |
| 000 | 00915nam0 2200241 450 | |
| 001 | 012007965737 | |
| 005 | 20070428093238.90 | |
| 010 | @a7-5611-3322-7@dCNY18.80 | |
| 100 | @a20070204d2006 km y0chiy0120 ea | |
| 101 | 0 | @achi@aeng |
| 102 | @aCN@b210000 | |
| 105 | @aa z 000yy | |
| 200 | 1 | @a新思路大学英语阅读教程@Axin si lu da xue ying yu yue du jiao cheng@d= New Way Reading Course@h第2册@f林英玉, 宋军主编@Flin ying yu,song jun zhu bian@zeng |
| 210 | @a大连@c大连理工大学出版社@d2006.09 | |
| 215 | @a188页@c图@d26m | |
| 330 | @a本书分为24个单元,每个单元都有两篇精选的美文,做学生阅读,后面还配有单词解析和定量的练习,每隔8个单元还有一个综合训练。 | |
| 510 | 1 | @aNew Way Reading Course@zeng |
| 606 | 0 | @a英语@Aying yu@x阅读教材@x高等学校@j教材 |
| 690 | @aH319.4@v4 | |
| 701 | 0 | @a林英玉@Alin ying yu@4主编 |
| 701 | 0 | @a宋军@Asong jun@4主编 |
| 801 | 0 | @aCN@c20070428 |
| 905 | @a10447@dH319.4@eL528:2 | |
| 新思路大学英语阅读教程= New Way Reading Course.第2册/林英玉, 宋军主编.-大连:大连理工大学出版社,2006.09 |
| 188页:图;26m |
| ISBN 7-5611-3322-7:CNY18.80 |
| 本书分为24个单元,每个单元都有两篇精选的美文,做学生阅读,后面还配有单词解析和定量的练习,每隔8个单元还有一个综合训练。 |
| ● |
| 相关链接 |
|
|
|
正题名:新思路大学英语阅读教程
索取号:H319.4/L528:2
 
预约/预借
| 序号 | 登录号 | 条形码 | 馆藏地/架位号 | 状态 | 备注 |
| 1 | 235992 | 202359928 | 语言库209/209语言库 16排1列5层/ [索取号:H319.4/L528:2] | 在馆 | |
| 2 | 235993 | 202359937 | 语言库209/209语言库 16排1列5层/ [索取号:H319.4/L528:2] | 在馆 | |
| 3 | 235994 | 202359946 | 语言库209/209语言库 16排1列5层/ [索取号:H319.4/L528:2] | 在馆 |